00355nam a2200133Ia 4500008004100000041000800041082001400049100002200063245004400085250001400129260003900143300003200182365000700214240624s9999 xx 000 0 und d aeng a658.7 SIM aSIMCHI LEVI DAVID aDESIGNING AND MANAGING THE SUPPLY CHAIN a(3rd ed.) c2008aNew DelhibTata McGraw- Hill axxix, : 529 : p. : cm. ; 25 cRS